000 01844nam1a2200289 i 4500
001 RU\NLR\BIBL_A\012647200
005 20260406050731.0
035 _a(NLR Aleph) 012647200
090 _a12714708
_c12714708
100 _a20211119d2021 um y0rusy50 ca
101 0 _arus
102 _aRU
105 _a||||j||||||||
181 0 _ai4
_bab2e
182 0 _an
200 1 _aРоссия в истории мировых цивилизаций
_eучебник для студентов высших учебных заведений гуманитарного и архитектурно-художественного профиля
_fС.П. Постников, А.В. Сперанский
_gМинистерство науки и высшего образования Российской Федерации, Уральский государственный архитектурно-художественный университет, Институт истории и археологии Уральского отделения Российской академии наук
203 _aТекст
_bвизуальный
_cнепосредственный
210 _aЕкатеринбург
_cСократ
_cИнститут истории и археологии УрО РАН
_d2021
215 _d22
607 _aРоссия
_jУчебники для высших учебных заведений
_xИстория
_91554184
_3RU\NLR\AUTH\66979780
686 1 _aТ3(2)я73
700 1 _7ca
_8rus
_aПостников
_bС. П.
_gСергей Павлович
_9116114
_3RU\NLR\AUTH\776159
701 1 _7ca
_8rus
_aСперанский
_bА. В.
_cд-р ист. наук
_f1955-
_gАндрей Владимирович
_969401
_3RU\NLR\AUTH\7786473
852 _aNLR
_j2021-5/9437
942 _cBOOK